Statistics for Top 100 Los Angeles Rams of All Time

Click here to take the quiz!

General Stats

  • This quiz has been taken 12 times
  • The average score is 18 of 100

Answer Stats

PositionPlayer% Correct
DTAaron Donald
91%
QBKurt Warner
82%
RBMarshall Faulk
73%
RBEric Dickerson
64%
WRIsaac Bruce
64%
WRTorry Holt
64%
DTCody Jones
55%
DEDeacon Jones
55%
QBJared Goff
55%
LBMike Jones
55%
LTOrlando Pace
55%
CDoug Smith
45%
DEJack Youngblood
45%
LBJim Youngblood
45%
CBAeneas Williams
36%
RB/WRElroy Hirsch
36%
RTJackie Slater
36%
LB/DEKevin Greene
36%
QBMarc Bulger
36%
DTMerlin Olsen
36%
QBNorm Van Brocklin
36%
RBSteven Jackson
36%
RBTodd Gurley
36%
RBCharles White
27%
WRHarold Jackson
27%
LBIsiah Robertson
27%
QBJim Everett
27%
CBPat Thomas
27%
QBVince Ferragamo
27%
LTAndrew Whitworth
18%
RTBob Brown
18%
FBDick Bass
18%
CBDre' Bly
18%
WRFlipper Anderson
18%
WRHenry Ellard
18%
RBJerome Bettis
18%
FSNolan Cromwell
18%
CRich Saul
18%
QBRoman Gabriel
18%
WR/STRon Brown
18%
DEAndy Robustelli
9%
QBBob Waterfield
9%
OLCharlie Cowan
9%
DEChris Long
9%
RB/FBCullen Bryant
9%
SSDave Elmendorf
9%
OGDennis Harrah
9%
CBDick "Night Train" Lane
9%
DBEddie Meador
9%
DEFred Dryer
9%
LBJack Pardee
9%
LBJames Laurinaitis
9%
CBJanoris Jenkins
9%
KJeff Wilkins
9%
CBJerry Gray
9%
PJohnny Hekker
9%
RB/STJon Arnett
9%
DEKevin Carter
9%
RBLawrence McCutcheon
9%
DELeonard Little
9%
CBLeRoy Irvin
9%
LB/KLes Richter
9%
DLMichael Brockers
9%
FSO.J. Atogwe
9%
QBPat Haden
9%
WRRicky Proehl
9%
WRTom Fears
9%
OGTom Mack
9%
RBWillie Ellison
9%
DB/WRWoodley Lewis
9%
RGAdam Timmerman
0%
OLAndy McCollum
0%
WR/STAz-Zahir Hakim
0%
LBCarl Ekern
0%
RBDan Towler
0%
DTD'Marco Farr
0%
LTDoug France
0%
LGDuane Putnam
0%
DEGrant Wistrom
0%
LBJack Reynolds
0%
WRJack Snow
0%
WRJim Benton
0%
LTJoe Carollo
0%
OGJoe Scibelli
0%
FSKeith Lyle
0%
CKen Iman
0%
LGKent Hill
0%
DELamar Lundy
0%
DTLarry Brooks
0%
RBLes Josephson
0%
LB/TEMarlin McKeever
0%
LBMaxie Baughan
0%
WRRed Phillips
0%
DERobert Quinn
0%
OLRodger Saffold
0%
CBRod Perry
0%
LBRoman Phifer
0%
FB/LBTank Younger
0%
CBTodd Lyght
0%
DBWill Sherman
0%

Score Distribution

Percentile by Number Answered

Percent of People with Each Score

Your Score History

You have not taken this quiz